000 00672nam a2200229Ia 4500
003 OSt
005 20220923230238.0
006 a|||||r|||| 00| 0
007 ta
008 Pun
024 _a278,665
037 _cTextual
040 _aARTS
_cARTS
_bPun
041 _2Pun
_aPun
082 _aO153,1N05:g, L9
100 _aਨਰੂਲਾ, ਸੁਰਿੰਦਰ ਸਿੰਘ, ਥਦ.
245 0 _aਮੋਹਨ ਸਿੰਘ
_b ਇਕ ਵਿFਲੇFਣ
260 _c1979
650 _aਪੰਜਾਬੀ ਸਾਹਿਤ
942 _hO153,1N05:g, L9
_cTEXL
_2CC
999 _c383458
_d383458